Lesy Pohronia orgán závodných rád ROH Čs. štátnych lesov, n. p., kraj Banská Bystrica

Bibliographic Details
Format: Journal
Language:Slovak
Hungarian
PhysicalDescription:5 zv. 30 cm
Published: Banská Bystrica Závodné organizácie ROH 1951-1955
Subjects:

MARC

LEADER 00000cas a2200000 a 4500
001 vtls010301523
003 SK-MaSNL
005 20260228161555.0
008 150311d19511955xo mr p 0 b0slo
035 |a (SVKBB03)vtls000137905 
040 |a SNK  |b slo  |c SNK  |e AACR2 
041 0 |a slo  |a hun 
044 |a xo  |c SK 
072 7 |a 630  |x Lesníctvo  |2 konspekt 
080 |a 630  |2 2011 
080 |a (085.3)  |2 2011 
245 0 0 |a Lesy Pohronia  |b orgán závodných rád ROH Čs. štátnych lesov, n. p., kraj Banská Bystrica 
260 |a Banská Bystrica  |b Závodné organizácie ROH  |c 1951-1955 
300 |a 5 zv.  |c 30 cm 
310 |a 1x mesačne 
362 0 |a Roč. I, č. 1 (1951)-roč. V, č. 4 (1955) 
500 |a Zodp. red.: 1951, Gregor Kuchár ; 1952-1955, Ladislav Jurák 
500 |a Tlač. Stredoslovenské tlačiarne, Banská Bystrica, od č. 1/1953 Pohronské tlačiarne, Banská Bystrica 
500 |a Zmena podnázvu od č. 1/1952: orgán závodných rád ROH závodov Stredoslovenského lesného priemyslu nár. podnik a správ lesného hospodárstva, od č. 1/1953: orgán závodných rád Krajskej správy lesov a Podnikových riaditeľstiev lesného priemyslu Banskobystrického kraja 
515 |a Vychádzal s prestávkami 
546 |a Čiast. text aj maď. 
650 0 7 |a lesníctvo  |2 SNKPH  |9 1255 
655 7 |a firemné časopisy  |2 SNKPH  |9 76220 
700 1 |a Jurák, Ladislav  |4 lso  |9 268941 
700 1 |a Kuchár, Gregor  |4 lso  |9 268942 
910 |a snk 
916 |a 1951-1955 
999 |c 5744  |d 7674 
952 |0 0  |1 0  |4 0  |7 0  |a SNK  |b SNK  |d 2023-11-14  |i snkII. 769/52  |l 0  |o snkČSB 632/1/1951 D1  |p 17A1349054  |r 2026-02-21 19:52:47  |t č. 1-6  |w 2026-02-21  |y PREZ 
952 |0 0  |1 0  |4 0  |7 0  |a SNK  |b SNK  |d 2023-11-14  |i snkII. 1598/53  |l 0  |o snkČSB 632/2/1952 D1  |p 17A1349053  |r 2026-02-21 19:52:47  |t č. 1-12  |w 2026-02-21  |y PREZ 
952 |0 0  |1 0  |4 0  |7 0  |a SNK  |b SNK  |d 2023-11-14  |i snkII. 1240/54  |l 0  |o snkČSB 632/3/1953 D1  |p 17A1349052  |r 2026-02-21 19:52:47  |t č. 1-8  |w 2026-02-21  |y PREZ 
952 |0 0  |1 0  |4 0  |7 0  |a SNK  |b SNK  |d 2023-11-14  |i snkII. 1140/55  |l 0  |o snkČSB 632/4/1954 D1  |p 17A1349051  |r 2026-02-21 19:52:47  |t č. 1-12  |w 2026-02-21  |y PREZ 
952 |0 0  |1 0  |4 0  |7 0  |a SNK  |b SNK  |d 2023-11-14  |i snkČSP 929/57  |l 0  |o snkČSB 632/5/1955 D1  |p 17A1349050  |r 2026-02-21 19:52:47  |w 2026-02-21  |y PREZ  |z Obsahuje č.: 1, 3, 4 
952 |0 0  |1 0  |4 0  |7 0  |a SNK  |b SNK  |d 2005-06-10  |f 1  |i snk912/52  |l 0  |o snkČSB 632/1/1951  |p 17A0473557  |r 2026-02-21 21:11:06  |t č. 1-6  |w 2026-02-21  |y PREZ 
952 |0 0  |1 0  |4 0  |7 0  |a SNK  |b SNK  |d 2005-06-10  |f 1  |i snkČSP 928/57  |l 0  |o snkČSB 632/5/1955  |p 17A0473497  |r 2026-02-21 21:11:06  |t č. 1-4, neúplné  |w 2026-02-21  |y PREZ  |z chýba č. 2 
952 |0 0  |1 0  |4 0  |7 0  |a SNK  |b SNK  |d 2005-06-10  |f 1  |i snk1451/54  |l 0  |o snkČSB 632/3/1953  |p 17A0473519  |r 2026-02-21 21:11:06  |t č. 1-8  |w 2026-02-21  |y PREZ 
952 |0 0  |1 0  |4 0  |7 0  |a SNK  |b SNK  |d 2005-06-10  |f 1  |i snkII. 1139/55  |l 0  |o snkČSB 632/4/1954  |p 17A0473449  |r 2026-02-21 21:11:06  |t č. 1-12  |w 2026-02-21  |y PREZ 
952 |0 0  |1 0  |4 0  |7 0  |a SNK  |b SNK  |d 2005-06-10  |f 1  |i snk397/53  |l 0  |o snkČSB 632/2/1952  |p 17A0473540  |r 2026-02-21 21:15:18  |t č. 1-12  |w 2026-02-21  |y PREZ